[Event "zonal 3.3 (w)"]
[Site "Tagaytay City PHI"]
[Date "2011.05.27"]
[Round "5"]
[White "Suede, Mikee Charlene"]
[Black "Bernales, Christy Lamiel"]
[Result "0-1"]
[WhiteElo "1902"]
[BlackElo "2015"]
[EventDate "2011.05.24"]
[PlyCount "88"]

1.e4 e6 2.d4 d5 3.Nd2 Nf6 4.e5 Nfd7 5.Bd3 c5 6.c3 Nc6 7.Ndf3 cxd4 8.cxd4 
f6 9.exf6 Qxf6 10.Bg5 Bb4+ 11.Kf1 Qf7 12.Nh3 Bd6 13.Bh4 Nf6 14.Qe2 h6 15.
Bg3 Bxg3 16.hxg3 O-O 17.Nf4 Rd8 18.Re1 Ne4 19.Bxe4 dxe4 20.Qxe4 Qf5 21.
Qxf5 exf5 22.d5 Nb4 23.Rd1 Nxa2 24.Ne5 Bd7 25.Nfg6 Nb4 26.Rh4 a5 27.Kg1 
Ra6 28.Rc4 Be8 29.Ne7+ Kf8 30.Rc7 b5 31.Rd4 Rad6 32.Nxf5 Rxd5 33.Rf4 Rd1+ 
34.Kh2 Nd5 35.Rxg7 Nxf4 36.gxf4 R1d5 37.Rh7 Kg8 38.Rxh6 b4 39.g4 a4 40.g5 
Rd2 41.Kg3 a3 42.g6 Rd1 43.Kg2 axb2 44.Ne7+ Kg7 0-1

[Event "zonal 3.3 (w)"]
[Site "Tagaytay City PHI"]
[Date "2011.05.27"]
[Round "5"]
[White "Jargalmaa, Sarantuya"]
[Black "Dwijayanti, Kadek Iin"]
[Result "0-1"]
[WhiteElo "1801"]
[BlackElo "1919"]
[EventDate "2011.05.24"]
[PlyCount "74"]

1.e4 c5 2.Nf3 d6 3.d4 cxd4 4.Nxd4 Nf6 5.Nc3 a6 6.Be2 e5 7.Nb3 Be6 8.O-O 
Be7 9.f4 Qc7 10.fxe5 dxe5 11.Nd5 Bxd5 12.exd5 Nbd7 13.c4 Bd6 14.Be3 O-O 
15.Rc1 b6 16.Nd2 e4 17.h3 Bc5 18.Bxc5 Qxc5+ 19.Kh1 Rfe8 20.Nb3 Qd6 21.Nd4 
e3 22.Rf3 Ne4 23.Kg1 Ng5 24.Rf5 Qg3 25.Bg4 g6 26.Rxg5 e2 27.Nxe2 Qe3+ 28.
Kh1 Qxg5 29.Bxd7 Rxe2 30.Qxe2 Qxc1+ 31.Kh2 Qf4+ 32.g3 Qd6 33.Bc6 Ra7 34.
Kg2 Re7 35.Qf2 Qe5 36.b3 Qe4+ 37.Kh2 Qe3 0-1

[Event "zonal 3.3 (w)"]
[Site "Tagaytay City PHI"]
[Date "2011.05.27"]
[Round "5"]
[White "Verdiana, Norasya"]
[Black "Frayna, Janelle Mae"]
[Result "0-1"]
[WhiteElo "1915"]
[BlackElo "1830"]
[EventDate "2011.05.24"]
[PlyCount "88"]

1.e4 Nf6 2.e5 Nd5 3.d4 d6 4.exd6 exd6 5.Nf3 Be7 6.c4 Nb6 7.Bd3 Bg4 8.h3 
Bh5 9.Be3 Nc6 10.Nbd2 O-O 11.Qc2 Bxf3 12.Bxh7+ Kh8 13.Nxf3 Nxc4 14.Qf5 
Nxe3 15.fxe3 g6 16.Bxg6 fxg6 17.Qxg6 Bf6 18.O-O Qe7 19.Rf2 Rae8 20.Raf1 
Qh7 21.Qg4 Rg8 22.Qf4 Bd8 23.Kh1 Ref8 24.Qh2 Qh6 25.e4 Qe3 26.Qg1 Qh6 27.
e5 Rf4 28.d5 Nxe5 29.Nxe5 dxe5 30.Rxf4 exf4 31.Qxa7 Qg5 32.Qf2 Qxd5 33.b3 
Bf6 34.Qc2 Be5 35.Qe2 Bd6 36.Re1 Rg3 37.Qb2+ Kh7 38.Qc2+ Qd3 39.Qxd3+ Rxd3
40.Kg1 Rd2 41.Ra1 Rb2 42.Kf1 Kg6 43.a4 Be5 44.a5 Rf2+ 0-1

[Event "zonal 3.3 (w)"]
[Site "Tagaytay City PHI"]
[Date "2011.05.27"]
[Round "6"]
[White "Kharisma Sukandar, Irine"]
[Black "Li Ruofan"]
[Result "0-1"]
[WhiteElo "2362"]
[BlackElo "2423"]
[EventDate "2011.05.24"]
[PlyCount "78"]

1.e4 e5 2.Nf3 Nc6 3.Bb5 a6 4.Ba4 Nf6 5.O-O Be7 6.Re1 b5 7.Bb3 d6 8.c3 O-O 
9.h3 Nb8 10.d4 Nbd7 11.a4 Bb7 12.Bc2 Re8 13.Bd3 c6 14.b4 Bf8 15.Nbd2 Qc7 
16.Bb2 g6 17.Qb3 Bg7 18.c4 bxa4 19.Rxa4 exd4 20.Bxd4 c5 21.bxc5 Nxc5 22.
Bxc5 dxc5 23.Qc2 Nd7 24.Nf1 Ne5 25.Nxe5 Qxe5 26.Qa2 Qd6 27.Ra3 Bd4 28.Qb1 
Bc6 29.Ne3 Rab8 30.Rb3 Rxb3 31.Qxb3 Bxe4 32.Nd5 Rb8 33.Qd1 Bxd5 34.cxd5 
Qxd5 35.Bxa6 c4 36.Qa4 Bxf2+ 37.Kxf2 Rb2+ 38.Re2 Qf5+ 39.Ke1 Rb1+ 0-1

[Event "zonal 3.3 (w)"]
[Site "Tagaytay City PHI"]
[Date "2011.05.27"]
[Round "6"]
[White "Camacho, Chardine Cheradee"]
[Black "Nguyen Thi Thanh An"]
[Result "0-1"]
[WhiteElo "2203"]
[BlackElo "2338"]
[EventDate "2011.05.24"]
[PlyCount "106"]

1.e4 c5 2.Nf3 Nc6 3.d4 cxd4 4.Nxd4 Nf6 5.Nc3 d6 6.g3 e5 7.Nde2 Be7 8.Bg2 
h5 9.h3 Be6 10.Nd5 h4 11.g4 Nh7 12.Be3 Rc8 13.Nec3 Bg5 14.f4 exf4 15.Nxf4 
O-O 16.O-O a6 17.Kh1 Ne5 18.Ncd5 Bxd5 19.Nxd5 Bxe3 20.Nxe3 Nc4 21.Nf5 g6 
22.b3 Ne5 23.Ne3 Qg5 24.Qe2 Nf6 25.Rad1 Rc3 26.Rxf6 Rxe3 27.Qf2 Rc8 28.c4 
b5 29.Rfxd6 bxc4 30.bxc4 Rxc4 31.Rd8+ Kg7 32.Qd2 Rcc3 33.Kg1 Rg3 34.Qxg5 
Nf3+ 35.Kh1 Nxg5 36.R8d7 Rc2 37.R7d2 Rcc3 38.Rd7 Nxh3 39.Rf1 Ng5 40.e5 
Rxg4 41.e6 Nxe6 42.Rfxf7+ Kh6 43.Rh7+ Kg5 44.Rd5+ Kf6 45.Rd2 Nf4 46.Ra7 
Ra3 47.Bf1 a5 48.Ra6+ Kg5 49.Rb2 Kh6 50.Kh2 Rf3 51.Bg2 Nxg2 52.Rxg2 Rxg2+ 
53.Kxg2 Ra3 0-1

[Event "zonal 3.3 (w)"]
[Site "Tagaytay City PHI"]
[Date "2011.05.27"]
[Round "6"]
[White "Le Thanh Tu"]
[Black "Nguyen Thi Mai Hung"]
[Result "1-0"]
[WhiteElo "2328"]
[BlackElo "2309"]
[EventDate "2011.05.24"]
[PlyCount "131"]

1.d4 d5 2.c4 c6 3.Nf3 Nf6 4.Nc3 e6 5.g3 Bd6 6.Bg2 O-O 7.O-O Nbd7 8.Nd2 Be7
9.e4 dxe4 10.Ndxe4 Nxe4 11.Nxe4 Nf6 12.Nc3 h6 13.Be3 Bd7 14.Qe2 Re8 15.
Rad1 Qa5 16.a3 Rad8 17.Ne4 Nxe4 18.Bxe4 Bf6 19.Qf3 Bc8 20.Bc2 c5 21.Bxh6 
cxd4 22.Bd2 Qc5 23.Bd3 b6 24.Rfe1 Qc7 25.Qe4 g6 26.h4 Qc5 27.Qf3 Bg7 28.
Bg5 Rd7 29.b4 Qc7 30.h5 Bb7 31.Be4 f5 32.Bxb7 Qxb7 33.Qe2 Kh7 34.f4 Qe4 
35.Qxe4 fxe4 36.h6 Bxh6 37.Bxh6 Kxh6 38.Rxe4 d3 39.Kf2 Kg7 40.Ke3 Red8 41.
Rxe6 d2 42.Ke2 Rd4 43.c5 Kf7 44.Rd6 R8xd6 45.cxd6 Rxd6 46.Rxd2 Re6+ 47.Kf3
Re7 48.Rd3 Kg7 49.Kg4 Rf7 50.Rd5 Kf6 51.a4 Ke6 52.Re5+ Kf6 53.a5 bxa5 54.
bxa5 Rc7 55.Rb5 Rc6 56.Kh4 Rd6 57.g4 Rd4 58.Rb7 Rxf4 59.Rxa7 Ra4 60.Ra6+ 
Kg7 61.Kg5 Kh7 62.Ra7+ Kg8 63.a6 Kf8 64.Kh6 Ra1 65.Kxg6 Rb1 66.Rb7 1-0

[Event "zonal 3.3 (w)"]
[Site "Tagaytay City PHI"]
[Date "2011.05.27"]
[Round "6"]
[White "Bernales, Christy Lamiel"]
[Black "Hoang Thi Bao Tram"]
[Result "0-1"]
[WhiteElo "2015"]
[BlackElo "2325"]
[EventDate "2011.05.24"]
[PlyCount "76"]

1.e4 c6 2.d4 d5 3.Nd2 dxe4 4.Nxe4 Bf5 5.Ng3 Bg6 6.Nf3 Nd7 7.h4 h6 8.Be2 e6
9.Bf4 Ngf6 10.c4 Bb4+ 11.Kf1 Be7 12.Qd2 O-O 13.Kg1 a5 14.h5 Bh7 15.Rh3 Kh8
16.Rd1 a4 17.Qc1 Qa5 18.Nh4 b5 19.c5 Qd8 20.Bd3 Nd5 21.Bxh7 Kxh7 22.Nf3 
Nxf4 23.Qxf4 Nf6 24.Ne5 Bxc5 25.Ne4 Bd6 26.Nxf6+ gxf6 27.Qf3 f5 28.Nxc6 
Qf6 29.d5 e5 30.Qd3 Rg8 31.Kh1 Rg5 32.Rg1 b4 33.Qe2 Rag8 34.b3 axb3 35.
axb3 e4 36.Qe3 Rxg2 37.Rd1 Qg7 38.f3 Rg3 0-1

[Event "zonal 3.3 (w)"]
[Site "Tagaytay City PHI"]
[Date "2011.05.27"]
[Round "6"]
[White "Citra, Dewi Andhiani Anastasia"]
[Black "Hoang Thi Nhu Y"]
[Result "1/2-1/2"]
[WhiteElo "1994"]
[BlackElo "2220"]
[EventDate "2011.05.24"]
[PlyCount "55"]

1.e4 c6 2.d4 d5 3.Nc3 dxe4 4.Nxe4 Bf5 5.Ng3 Bg6 6.Nf3 Nd7 7.Bd3 Qc7 8.O-O 
Ngf6 9.c3 e6 10.Bg5 Bd6 11.Re1 Bf4 12.Bxf4 Qxf4 13.Bxg6 hxg6 14.Qd2 Qxd2 
15.Nxd2 Ke7 16.Nde4 Rad8 17.Nxf6 Nxf6 18.Ne4 Rd5 19.Nxf6 gxf6 20.Re2 Rhd8 
21.f3 c5 22.dxc5 Rxc5 23.Kf2 Rcd5 24.Rae1 b5 25.Re4 Rd2+ 26.R4e2 R2d5 27.
Re4 Rd2+ 28.R4e2 1/2-1/2

[Event "zonal 3.3 (w)"]
[Site "Tagaytay City PHI"]
[Date "2011.05.27"]
[Round "6"]
[White "Fronda, Jan Jodilyn"]
[Black "Uuganbayar, Lkhamsuren"]
[Result "1/2-1/2"]
[WhiteElo "2011"]
[BlackElo "2159"]
[EventDate "2011.05.24"]
[PlyCount "36"]

1.e4 e6 2.Qe2 c5 3.d3 Nc6 4.Nf3 g6 5.g3 Bg7 6.Bg2 Nge7 7.O-O d6 8.c3 O-O 
9.Ne1 e5 10.f4 Be6 11.Nf3 Qd7 12.f5 gxf5 13.Ng5 fxe4 14.Qh5 h6 15.Nxe4 Bg4
16.Qh4 Ng6 17.Nf6+ Bxf6 18.Qxf6 Kh7 1/2-1/2

[Event "zonal 3.3 (w)"]
[Site "Tagaytay City PHI"]
[Date "2011.05.27"]
[Round "6"]
[White "Mendoza, Beverly"]
[Black "Dwijayanti, Kadek Iin"]
[Result "1/2-1/2"]
[WhiteElo "2040"]
[BlackElo "1919"]
[EventDate "2011.05.24"]
[PlyCount "38"]

1.e4 c5 2.Nc3 Nc6 3.g3 g6 4.Bg2 Bg7 5.d3 e6 6.Be3 d6 7.Qd2 a6 8.Nge2 Qc7 
9.O-O Nge7 10.Bh6 O-O 11.Rad1 b5 12.Bxg7 Kxg7 13.d4 cxd4 14.Nxd4 Rd8 15.f4
Qb6 16.Rf2 Qxd4 17.Qxd4+ Nxd4 18.Rxd4 Nc6 19.Rd1 Ra7 1/2-1/2

[Event "zonal 3.3 (w)"]
[Site "Tagaytay City PHI"]
[Date "2011.05.27"]
[Round "6"]
[White "Frayna, Janelle Mae"]
[Black "Le Kieu Thien Kim"]
[Result "0-1"]
[WhiteElo "1830"]
[BlackElo "2221"]
[EventDate "2011.05.24"]
[PlyCount "92"]

1.c4 Nf6 2.g3 c6 3.Bg2 d5 4.Nf3 Bf5 5.cxd5 cxd5 6.Qb3 Qc8 7.Nc3 e6 8.d3 
Nc6 9.O-O Be7 10.Bf4 Nh5 11.Bd2 O-O 12.e4 dxe4 13.dxe4 Bg4 14.Nb5 e5 15.
Rac1 Qb8 16.Nc3 Nf6 17.Nd5 Bd8 18.h3 Be6 19.Ng5 Nd4 20.Qe3 Nxd5 21.exd5 
Bxg5 22.Qxg5 Bxh3 23.Rfe1 f6 24.Qh4 Bxg2 25.Kxg2 Qd6 26.Qe4 Rad8 27.Ba5 b6
28.Bc3 Qxd5 29.Qxd5+ Rxd5 30.Bxd4 Rxd4 31.Rc7 a5 32.Rb7 Rd6 33.Rc1 f5 34.
Rcc7 Rg6 35.Re7 e4 36.Kf1 h5 37.Ke2 Rff6 38.Ke3 Rg4 39.Kd4 Kh7 40.Ke3 f4+ 
41.gxf4 h4 42.Re5 h3 43.Rg5 Rxg5 44.fxg5 Rf3+ 45.Kxe4 h2 46.g6+ Kxg6 0-1

[Event "zonal 3.3 (w)"]
[Site "Tagaytay City PHI"]
[Date "2011.05.27"]
[Round "6"]
[White "Lindiawati, Evi"]
[Black "Suede, Mikee Charlene"]
[Result "1/2-1/2"]
[WhiteElo "2106"]
[BlackElo "1902"]
[EventDate "2011.05.24"]
[PlyCount "69"]

1.e4 e6 2.d4 d5 3.Nd2 Nf6 4.e5 Nfd7 5.Bd3 c5 6.c3 Nc6 7.Ne2 cxd4 8.cxd4 f6
9.exf6 Qxf6 10.Nf3 h6 11.Nf4 Bb4+ 12.Kf1 O-O 13.Be3 Bd6 14.Nh5 Qf7 15.Nh4 
Ne7 16.Qg4 Nf6 17.Nxf6+ Qxf6 18.Ng6 e5 19.dxe5 Bxg4 20.exf6 Nxg6 21.Bxg6 
Rxf6 22.h3 Bd7 23.Bd3 Be5 24.Rb1 d4 25.Bd2 Bc6 26.f3 Bd5 27.b3 Bg3 28.Be1 
Bc7 29.Bf2 Bb6 30.Rc1 Rc6 31.Rxc6 bxc6 32.Ke2 Re8+ 33.Kd1 Kf7 34.Re1 Rxe1+
35.Kxe1 1/2-1/2

[Event "zonal 3.3 (w)"]
[Site "Tagaytay City PHI"]
[Date "2011.05.27"]
[Round "6"]
[White "Jose, Rulp Ylem"]
[Black "Chan Wei Yi, Victoria"]
[Result "0-1"]
[WhiteElo "2071"]
[BlackElo "1955"]
[EventDate "2011.05.24"]
[PlyCount "66"]

1.e4 c5 2.Nc3 Nc6 3.f4 g6 4.Nf3 Bg7 5.Bb5 Nd4 6.O-O e6 7.e5 a6 8.Bd3 d5 9.
Nxd4 cxd4 10.Ne2 Qb6 11.Qe1 Ne7 12.Qf2 Nc6 13.c3 O-O 14.Nxd4 f6 15.Nxc6 
Qxc6 16.exf6 Bxf6 17.b3 Be7 18.Qg3 Rf7 19.Be2 Bd7 20.d4 Bd6 21.Bd2 Raf8 
22.Rae1 Qc7 23.Bg4 Rf6 24.Qh3 Qc8 25.Qh6 b5 26.Rc1 Qb8 27.g3 Qb6 28.Be3 a5
29.Qh3 h5 30.Bf3 Kg7 31.Bxd5 exd5 32.Qxd7+ R8f7 33.Qh3 Re7 0-1

[Event "zonal 3.3 (w)"]
[Site "Tagaytay City PHI"]
[Date "2011.05.27"]
[Round "6"]
[White "Lo Yin Ling, Melissa"]
[Black "Verdiana, Norasya"]
[Result "1/2-1/2"]
[WhiteElo "1874"]
[BlackElo "1915"]
[EventDate "2011.05.24"]
[PlyCount "42"]

1.d4 Nf6 2.c4 c5 3.d5 b5 4.cxb5 a6 5.bxa6 Bxa6 6.Nc3 d6 7.Nf3 g6 8.e4 Bxf1
9.Kxf1 Bg7 10.g3 Nbd7 11.Kg2 O-O 12.Re1 Qa5 13.Re2 Rfb8 14.Qc2 Ng4 15.Bg5 
Rxb2 16.Qxb2 Bxc3 17.Qc1 Bxa1 18.Qxa1 f6 19.Bf4 Nge5 20.Bxe5 Nxe5 21.Nxe5 
fxe5 1/2-1/2

[Event "zonal 3.3 (w)"]
[Site "Tagaytay City PHI"]
[Date "2011.05.28"]
[Round "7"]
[White "Li Ruofan"]
[Black "Le Thanh Tu"]
[Result "1/2-1/2"]
[WhiteElo "2423"]
[BlackElo "2328"]
[EventDate "2011.05.24"]
[PlyCount "40"]

1.d4 c5 2.d5 Nf6 3.c4 e6 4.Nc3 exd5 5.cxd5 d6 6.Nf3 g6 7.Qa4+ Bd7 8.Qb3 
Bc8 9.e4 a6 10.a4 Bg7 11.Bd3 O-O 12.O-O Nbd7 13.Bf4 Qc7 14.h3 Re8 15.Rfe1 
Nh5 16.Bh2 Ne5 17.Be2 Nxf3+ 18.Bxf3 Nf6 19.Qc2 Nd7 20.Be2 Be5 1/2-1/2

[Event "zonal 3.3 (w)"]
[Site "Tagaytay City PHI"]
[Date "2011.05.28"]
[Round "7"]
[White "Nguyen Thi Thanh An"]
[Black "Kharisma Sukandar, Irine"]
[Result "1-0"]
[WhiteElo "2338"]
[BlackElo "2362"]
[EventDate "2011.05.24"]
[PlyCount "67"]

1.Nf3 Nf6 2.c4 e6 3.g3 b6 4.Bg2 Bb7 5.O-O Be7 6.d4 O-O 7.Re1 d6 8.Nc3 Ne4 
9.Qc2 Nxc3 10.Ng5 Bxg5 11.Bxb7 Bxc1 12.Rexc1 Nd7 13.Bxa8 Nxe2+ 14.Qxe2 
Qxa8 15.Rc3 Re8 16.Re1 h6 17.Qf3 Qc8 18.Ra3 a5 19.Rae3 Rf8 20.b3 Kh8 21.
Qc6 e5 22.dxe5 Nxe5 23.Qd5 Qh3 24.Qg2 Qd7 25.h3 f5 26.f4 Nc6 27.Qd5 Nb4 
28.Qd2 Qf7 29.Re7 Qg6 30.Kh2 Na6 31.R1e6 Rf6 32.Qd5 Nc5 33.Re8+ Kh7 34.
R6e7 1-0

[Event "zonal 3.3 (w)"]
[Site "Tagaytay City PHI"]
[Date "2011.05.28"]
[Round "7"]
[White "Hoang Thi Bao Tram"]
[Black "Batchimeg, Tuvshintogs"]
[Result "1-0"]
[WhiteElo "2325"]
[BlackElo "2313"]
[EventDate "2011.05.24"]
[PlyCount "83"]

1.d4 Nf6 2.Nf3 e6 3.Bg5 h6 4.Bxf6 Qxf6 5.e4 d6 6.Nc3 g6 7.Be2 Bg7 8.Qd2 a6
9.O-O Qe7 10.Rfe1 O-O 11.a4 b6 12.Rad1 Bb7 13.Qe3 Nd7 14.Bc4 Rfd8 15.Ne2 
Nf6 16.Bd3 Qe8 17.a5 b5 18.Ng3 e5 19.c3 Qe7 20.d5 c6 21.c4 bxc4 22.Bxc4 
cxd5 23.Bxd5 Bxd5 24.exd5 Qb7 25.Rd2 Qb5 26.Red1 Qxa5 27.h4 Re8 28.h5 e4 
29.Nh4 Kh7 30.hxg6+ fxg6 31.Rd4 Re5 32.Nxe4 Rf8 33.Qg3 g5 34.Qd3 Kg8 35.
Ng6 Nxe4 36.Rxe4 Rxe4 37.Qxe4 Rf6 38.Rc1 Qb6 39.Rc8+ Bf8 40.Nxf8 Qxf2+ 41.
Kh2 Rxf8 42.Qg6+ 1-0

[Event "zonal 3.3 (w)"]
[Site "Tagaytay City PHI"]
[Date "2011.05.28"]
[Round "7"]
[White "Pham Thi Thu Hien"]
[Black "Nguyen Thi Mai Hung"]
[Result "0-1"]
[WhiteElo "2117"]
[BlackElo "2309"]
[EventDate "2011.05.24"]
[PlyCount "102"]

1.e4 c5 2.c3 g6 3.Nf3 Bg7 4.d4 cxd4 5.cxd4 d5 6.exd5 Nf6 7.Nc3 Nxd5 8.Bc4 
Nb6 9.Be2 O-O 10.h3 Nc6 11.Be3 Nd5 12.Nxd5 Qxd5 13.Qa4 a6 14.Qc4 Be6 15.
Qxd5 Bxd5 16.O-O Rfd8 17.Rfd1 Rd7 18.b3 Rad8 19.Rac1 Bxf3 20.Bxf3 Nxd4 21.
Bxd4 Bxd4 22.g3 Kg7 23.Kg2 a5 24.a4 b6 25.Bc6 Rd6 26.Bb5 Bc5 27.Rxd6 Rxd6 
28.Re1 Rd2 29.Re2 Rd1 30.Bc4 h5 31.Re4 Bd6 32.Bb5 e5 33.Re3 Rb1 34.Bc4 f5 
35.Re2 Kf6 36.Rd2 Ke7 37.Re2 Kf6 38.Rd2 Bc5 39.Bd5 g5 40.Bc4 g4 41.hxg4 
hxg4 42.Bg8 Kg5 43.Re2 Bd4 44.Rd2 Rc1 45.Bc4 Re1 46.Bb5 Kf6 47.Bc4 Rc1 48.
Kh2 Bc5 49.Bd5 f4 50.f3 Bg1+ 51.Kg2 Be3 0-1

[Event "zonal 3.3 (w)"]
[Site "Tagaytay City PHI"]
[Date "2011.05.28"]
[Round "7"]
[White "Hoang Thi Nhu Y"]
[Black "Camacho, Chardine Cheradee"]
[Result "1-0"]
[WhiteElo "2220"]
[BlackElo "2203"]
[EventDate "2011.05.24"]
[PlyCount "135"]

1.d4 Nf6 2.Nf3 g6 3.Bg5 Bg7 4.Nbd2 O-O 5.e4 d6 6.h3 c6 7.a4 Qc7 8.Bd3 e5 
9.c3 Be6 10.O-O Nh5 11.dxe5 dxe5 12.Bc4 h6 13.Be3 Bxc4 14.Nxc4 Rd8 15.Qb3 
Nd7 16.Rfd1 b6 17.Rd2 Nf8 18.Rad1 Ne6 19.Rxd8+ Rxd8 20.Rxd8+ Nxd8 21.Qd1 
Ne6 22.Qd6 Qxd6 23.Nxd6 Nhf4 24.Nc8 Nd3 25.b3 Nec5 26.Nd2 a6 27.Nxb6 Kf8 
28.b4 Nb7 29.Nd7+ Ke8 30.Nb8 a5 31.Nxc6 Kd7 32.Nxa5 Nxa5 33.bxa5 Nb2 34.a6
Kc8 35.a7 Kb7 36.Nb3 Nd1 37.Bb6 Bf8 38.c4 Nb2 39.c5 Nxa4 40.Kf1 Ka8 41.Ke1
Be7 42.Kd2 Nxb6 43.cxb6 Bd8 44.Kd3 Bxb6 45.f3 Kxa7 46.Kc4 Kb7 47.Kd5 Kc7 
48.Kxe5 Kd7 49.Nd4 Ke7 50.Nc6+ Kf8 51.h4 Bf2 52.h5 Bg3+ 53.Kd5 gxh5 54.Nd4
Bf4 55.Nf5 Kg8 56.e5 Kh7 57.Ke4 Bd2 58.f4 Be1 59.Nd6 Kg7 60.Ne8+ Kf8 61.
Nf6 h4 62.Nh5 Bd2 63.f5 Bg5 64.f6 Bd2 65.Ng7 Bg5 66.Kf5 Bd2 67.e6 fxe6+ 
68.Kg6 1-0

[Event "zonal 3.3 (w)"]
[Site "Tagaytay City PHI"]
[Date "2011.05.28"]
[Round "7"]
[White "Uuganbayar, Lkhamsuren"]
[Black "Citra, Dewi Andhiani Anastasia"]
[Result "0-1"]
[WhiteElo "2159"]
[BlackElo "1994"]
[EventDate "2011.05.24"]
[PlyCount "92"]

1.e4 c5 2.Nf3 d6 3.d4 cxd4 4.Nxd4 Nf6 5.Nc3 e6 6.g4 Nc6 7.g5 Nd7 8.Be3 a6 
9.Bg2 Nde5 10.b3 Nxd4 11.Qxd4 Nc6 12.Qd2 b5 13.f4 g6 14.Bd4 Nxd4 15.Qxd4 
e5 16.Qe3 Bb7 17.O-O-O Bg7 18.Rhf1 exf4 19.Qxf4 O-O 20.Rd3 Qa5 21.Rff3 
Rac8 22.Qe3 Bxc3 23.Rxc3 Qxa2 24.Qd4 Qa1+ 25.Kd2 Qa5 26.b4 Qd8 27.Rf6 Rxc3
28.Kxc3 Qc7+ 29.Kb2 Rc8 30.Qd2 Rd8 31.h4 Qe7 32.Qf4 Qe5+ 33.Kb1 Qxf4 34.
Rxf4 Kf8 35.Kb2 Ke7 36.Kc3 Rc8+ 37.Kd2 Rc4 38.c3 d5 39.Rf6 dxe4 40.Bf1 Rc6
41.Rf4 f5 42.h5 Ke6 43.hxg6 hxg6 44.Rh4 Rd6+ 45.Ke1 Bd5 46.Rh8 Ke5 0-1

[Event "zonal 3.3 (w)"]
[Site "Tagaytay City PHI"]
[Date "2011.05.28"]
[Round "7"]
[White "Bayarmaa, Bayarjargal"]
[Black "Enkhtuul, Altanulzii"]
[Result "1-0"]
[WhiteElo "2012"]
[BlackElo "2154"]
[EventDate "2011.05.24"]
[PlyCount "32"]

1.d4 Nf6 2.c4 b6 3.Nc3 Bb7 4.Qc2 d6 5.e4 e5 6.d5 a5 7.Nge2 Na6 8.Ng3 Bc8 
9.Be2 Be7 10.h3 h5 11.Be3 g6 12.a3 Nd7 13.Rb1 h4 14.Nf1 Bg5 15.b4 axb4 16.
axb4 Bf4 1-0

[Event "zonal 3.3 (w)"]
[Site "Tagaytay City PHI"]
[Date "2011.05.28"]
[Round "7"]
[White "Docena, Jedara"]
[Black "Fronda, Jan Jodilyn"]
[Result "1/2-1/2"]
[WhiteElo "2035"]
[BlackElo "2011"]
[EventDate "2011.05.24"]
[PlyCount "64"]

1.e4 c5 2.Nc3 a6 3.f4 b5 4.Nf3 Bb7 5.d3 e6 6.Qe2 b4 7.Nd1 Nf6 8.g3 Be7 9.
Bg2 d6 10.O-O Nc6 11.h3 h5 12.b3 Nd4 13.Qf2 d5 14.e5 Nxf3+ 15.Bxf3 Nd7 16.
Bb2 Qc7 17.Qe2 g6 18.Ne3 Nb6 19.d4 a5 20.Rfd1 Ba6 21.Qg2 Rd8 22.c3 c4 23.
Qd2 Rc8 24.Rdc1 Qa7 25.Nc2 bxc3 26.Bxc3 a4 27.b4 Bb5 28.a3 Kd7 29.Kf2 Rcg8
30.h4 Na8 31.Rg1 Nc7 32.Rac1 Re8 1/2-1/2

[Event "zonal 3.3 (w)"]
[Site "Tagaytay City PHI"]
[Date "2011.05.28"]
[Round "7"]
[White "Le Kieu Thien Kim"]
[Black "Bernales, Christy Lamiel"]
[Result "1-0"]
[WhiteElo "2221"]
[BlackElo "2015"]
[EventDate "2011.05.24"]
[PlyCount "86"]

1.c4 e5 2.Nc3 Nc6 3.Nf3 Nf6 4.d4 exd4 5.Nxd4 Bc5 6.Nc2 O-O 7.e3 d6 8.Be2 
Bf5 9.O-O Qe7 10.a3 a5 11.b3 Rfe8 12.Bb2 Ne5 13.Nd4 Bd7 14.h3 h6 15.Rc1 
Rad8 16.Qd2 Ng6 17.Nd5 Nxd5 18.cxd5 Nh4 19.Nf3 Nxf3+ 20.Bxf3 Qg5 21.Kh1 
Qh4 22.Kh2 b5 23.Qxa5 b4 24.axb4 Ra8 25.Qxc7 Ra7 26.Rc4 Qg5 27.Rxc5 Rxc7 
28.Rxc7 Bb5 29.Ra1 Qh4 30.Kg1 Qxb4 31.Bd4 Qxb3 32.Raa7 Rf8 33.Kh2 Qd3 34.
Bh5 Be8 35.Ra8 Qf5 36.Bg4 Qxd5 37.Rcc8 Qb5 38.Rab8 Qa4 39.Bf3 Qd7 40.Rd8 
Qe7 41.Bc3 g6 42.Bb4 Qe5+ 43.g3 Kh7 1-0

[Event "zonal 3.3 (w)"]
[Site "Tagaytay City PHI"]
[Date "2011.05.28"]
[Round "7"]
[White "Chan Wei Yi, Victoria"]
[Black "Mendoza, Beverly"]
[Result "0-1"]
[WhiteElo "1955"]
[BlackElo "2040"]
[EventDate "2011.05.24"]
[PlyCount "62"]

1.d4 f5 2.g4 fxg4 3.h3 g3 4.fxg3 Nf6 5.Bg2 d5 6.Nc3 e6 7.Bf4 Bd6 8.e3 O-O 
9.Nf3 Nh5 10.Ne2 c5 11.dxc5 Bxc5 12.Qd3 Nc6 13.g4 Nxf4 14.exf4 Nb4 15.Qd2 
Qb6 16.c3 Bf2+ 17.Kf1 Be3 18.Qd1 Na6 19.Qc2 Bxf4 20.Nxf4 Rxf4 21.Qf2 Qc7 
22.Ke1 Nc5 23.Kd1 Bd7 24.Qh4 Raf8 25.Kc2 Ne4 26.Rac1 d4 27.Kb1 dxc3 28.
Rhe1 Qb6 29.b3 Nd2+ 30.Ka1 Nxb3+ 31.axb3 Ra4+ 0-1

[Event "zonal 3.3 (w)"]
[Site "Tagaytay City PHI"]
[Date "2011.05.28"]
[Round "7"]
[White "Dwijayanti, Kadek Iin"]
[Black "Aulia, Medina Warda"]
[Result "0-1"]
[WhiteElo "1919"]
[BlackElo "2035"]
[EventDate "2011.05.24"]
[PlyCount "110"]

1.e4 e6 2.d4 d5 3.exd5 exd5 4.Bd3 Bd6 5.Qf3 Ne7 6.Ne2 O-O 7.O-O c6 8.Bf4 
Ng6 9.Bxd6 Qxd6 10.c3 f5 11.Nd2 Nd7 12.Qg3 f4 13.Qg5 Ne7 14.Rfe1 h6 15.Qh5
Nf6 16.Qe5 Qxe5 17.dxe5 Nd7 18.Nd4 Nc5 19.Bc2 Bf5 20.Nxf5 Nxf5 21.Nf3 Ne6 
22.Bxf5 Rxf5 23.Nd4 Nxd4 24.cxd4 Kf7 25.Rac1 Ke6 26.f3 Rc8 27.Re2 c5 28.
Kf2 Rc6 29.dxc5 b6 30.b4 bxc5 31.bxc5 Rxe5 32.Rce1 Rxe2+ 33.Rxe2+ Kf6 34.
Rc2 Ke5 35.Ke2 Kd4 36.Rd2+ Kxc5 37.Kd3 Rb6 38.Rc2+ Kd6 39.g3 fxg3 40.hxg3 
Ra6 41.Rf2 Ra3+ 42.Kd4 h5 43.Rh2 g6 44.Rf2 g5 45.Rh2 h4 46.gxh4 gxh4 47.f4
h3 48.f5 Ra4+ 49.Kc3 Ke5 50.Rf2 Rh4 51.f6 h2 52.f7 Rc4+ 53.Kb3 h1=Q 54.
f8=Q Qd1+ 55.Kb2 Qc1+ 0-1

[Event "zonal 3.3 (w)"]
[Site "Tagaytay City PHI"]
[Date "2011.05.28"]
[Round "7"]
[White "Sihite, Chelsie Monica"]
[Black "Lindiawati, Evi"]
[Result "1/2-1/2"]
[WhiteElo "2039"]
[BlackElo "2106"]
[EventDate "2011.05.24"]
[PlyCount "83"]

1.e4 e5 2.Nf3 d6 3.d4 exd4 4.Nxd4 g6 5.Bd3 Bg7 6.c3 Ne7 7.O-O Nbc6 8.Na3 
O-O 9.Nac2 d5 10.Bf4 dxe4 11.Bxe4 Nxd4 12.Nxd4 c6 13.Qd2 Nd5 14.Bg5 f6 15.
Bh6 f5 16.Bxg7 Kxg7 17.Bf3 Nc7 18.Rad1 Ne6 19.Rfe1 Nxd4 20.Qxd4+ Qxd4 21.
Rxd4 Kf7 22.Rd6 f4 23.Bd1 Rb8 24.Bb3+ Kg7 25.Re7+ Kh6 26.Bc2 a5 27.h4 f3 
28.h5 Bf5 29.Bxf5 Rxf5 30.gxf3 Rxf3 31.Ree6 Rg8 32.Kg2 Rf7 33.Re5 Rgf8 34.
Rd2 b6 35.Re6 Rf6 36.Rxf6 Rxf6 37.Kg3 Kg5 38.Rd4 Kf5 39.Rf4+ Ke5 40.Rxf6 
Kxf6 41.Kf4 g5+ 42.Kg4 1/2-1/2

[Event "zonal 3.3 (w)"]
[Site "Tagaytay City PHI"]
[Date "2011.05.28"]
[Round "7"]
[White "Jargalmaa, Sarantuya"]
[Black "Neo Xiuwen, Christabel"]
[Result "1/2-1/2"]
[WhiteElo "1801"]
[BlackElo "1869"]
[EventDate "2011.05.24"]
[PlyCount "71"]

1.e4 e5 2.Nf3 Nc6 3.Bb5 a6 4.Ba4 Nf6 5.O-O Be7 6.Re1 b5 7.Bb3 d6 8.h3 Na5 
9.c3 Nxb3 10.Qxb3 Bb7 11.d3 O-O 12.Nbd2 c5 13.Nf1 Rc8 14.Ng3 Qc7 15.Qc2 
Rfe8 16.Nf5 Bf8 17.Bg5 Nh5 18.Qd2 d5 19.Nh2 f6 20.Bh4 Nf4 21.Bg3 dxe4 22.
dxe4 Rcd8 23.Qc2 Ne6 24.a4 Qb6 25.axb5 axb5 26.Rad1 c4 27.b4 Ng5 28.Rxd8 
Rxd8 29.h4 Nf7 30.Kf1 Nd6 31.Nxd6 Rxd6 32.f3 Qd8 33.Ke2 g6 34.Rd1 Rxd1 35.
Qxd1 Qxd1+ 36.Kxd1 1/2-1/2

[Event "zonal 3.3 (w)"]
[Site "Tagaytay City PHI"]
[Date "2011.05.28"]
[Round "7"]
[White "Jose, Rulp Ylem"]
[Black "Lo Yin Ling, Melissa"]
[Result "0-1"]
[WhiteElo "2071"]
[BlackElo "1874"]
[EventDate "2011.05.24"]
[PlyCount "54"]

1.d4 d5 2.c4 e6 3.Nf3 Nf6 4.e3 Be7 5.Nbd2 O-O 6.Be2 c6 7.O-O Nbd7 8.b3 Re8
9.Bb2 b6 10.Bd3 Bd6 11.Ne5 c5 12.f4 Nf8 13.Rc1 Ng6 14.Qe2 a6 15.Ndf3 Bb7 
16.Ng5 Re7 17.Rf2 Nf8 18.g4 Ne4 19.Bxe4 dxe4 20.Nh3 f6 21.Rd1 Qe8 22.Ba3 
fxe5 23.dxc5 Bxc5 24.b4 Qa4 25.bxc5 Qxa3 26.cxb6 exf4 27.Nxf4 Qb4 0-1

[Event "zonal 3.3 (w)"]
[Site "Tagaytay City PHI"]
[Date "2011.05.28"]
[Round "7"]
[White "Febriana, Nita Nurmala"]
[Black "Verdiana, Norasya"]
[Result "0-1"]
[WhiteElo "1955"]
[BlackElo "1915"]
[EventDate "2011.05.24"]
[PlyCount "80"]

1.e4 e5 2.Nf3 Nc6 3.Bc4 Bc5 4.c3 Nf6 5.d3 d6 6.O-O O-O 7.Be3 Bb6 8.Nbd2 h6
9.Bb3 d5 10.Bxb6 axb6 11.Re1 Re8 12.h3 b5 13.a3 Be6 14.exd5 Bxd5 15.Bxd5 
Qxd5 16.Ne4 Nxe4 17.dxe4 Qc4 18.Qd7 Re7 19.Qg4 Rd8 20.Nh4 Re6 21.Re3 Ne7 
22.Rg3 Ng6 23.Nf5 Rd2 24.h4 Qe2 25.Rf3 h5 26.Qxh5 Nf4 27.Qg4 g6 28.g3 Qxe4
29.Nh6+ Kh7 30.gxf4 Kxh6 31.Qg5+ Kg7 32.Qg3 Rf6 33.f5 Rxf5 34.Rxf5 Qxf5 
35.Re1 e4 36.b3 c6 37.Qe3 Rd3 38.Qxe4 Qxe4 39.Rxe4 Rxc3 40.Rb4 Rd3 0-1